[Event "Krasnodar Region-ch op"]
[Site "Krasnodar"]
[Date "2008.10.??"]
[Round "6"]
[White "Gusarchuk, Alexey"]
[Black "Aleksandrov, Sergei"]
[Result "1/2-1/2"]
[WhiteElo "2342"]
[BlackElo "2321"]
[PlyCount "82"]
[EventDate "2008.10.18"]
[EventType "swiss"]
[EventRounds "9"]
[EventCountry "RUS"]
[SourceTitle "EXT 2022"]
[Source "ChessBase"]
[SourceDate "2021.10.06"]
[SourceVersion "1"]
[SourceVersionDate "2021.10.06"]
[SourceQuality "1"]

1. d4 Nf6 2. c4 g6 3. Nc3 Bg7 4. e4 d6 5. Be2 0-0 6. Nf3 e5 7. 0-0 exd4 8. Nxd4 Re8 9. f3 c6 10. Kh1 Nbd7 11. Bg5 Qa5 12. Qd2 Nxe4 13. fxe4 Bxd4 14. Bh6 Bg7 15. Qf4 Ne5 16. Bxg7 Kxg7 17. Qf6+ Kg8 18. Qxd6 Qd8 19. Rad1 Qxd6 20. Rxd6 Be6 21. b3 Red8 22. Rfd1 Rxd6 23. Rxd6 Kf8 24. Kg1 Ke7 25. Rd2 h5 26. Kf2 b6 27. Ke3 h4 28. h3 g5 29. Rd1 Rg8 30. Rh1 f6 31. Nd1 Rd8 32. Nf2 c5 33. Rd1 Ra8 34. Bf3 a5 35. Nd3 Nxf3 36. Kxf3 a4 37. Rb1 axb3 38. axb3 Ra3 39. Ke2 f5 40. exf5 Bxf5 41. Rb2 Ke6 1/2-1/2

[Event "Krasnodar Region-ch op"]
[Site "Krasnodar"]
[Date "2008.10.??"]
[Round "9"]
[White "Gusarchuk, Alexey"]
[Black "Pudovkin, Dmitry"]
[Result "0-1"]
[WhiteElo "2342"]
[BlackElo "2349"]
[PlyCount "80"]
[EventDate "2008.10.18"]
[EventType "swiss"]
[EventRounds "9"]
[EventCountry "RUS"]
[SourceTitle "EXT 2022"]
[Source "ChessBase"]
[SourceDate "2021.10.06"]
[SourceVersion "1"]
[SourceVersionDate "2021.10.06"]
[SourceQuality "1"]

1. d4 d5 2. c4 dxc4 3. Nf3 Nf6 4. Nc3 a6 5. e3 e6 6. Bxc4 b5 7. Bd3 c5 8. 0-0 Bb7 9. dxc5 Bxc5 10. e4 Nbd7 11. Qe2 e5 12. Bd2 0-0 13. a4 b4 14. Na2 a5 15. Nc1 Bb6 16. Nb3 Qe7 17. Be3 Nc5 18. Bxc5 Bxc5 19. Nfd2 Bb6 20. Nc4 Bc7 21. Qe3 Rfd8 22. f3 Ba6 23. Rfd1 h6 24. Kh1 Nh5 25. g3 Qe6 26. Nc5 Qh3 27. Nxa6 Nxg3+ 28. Kg1 Rxa6 29. hxg3 Qxg3+ 30. Kf1 Rg6 31. Be2 Qh3+ 32. Ke1 Rg2 33. Rxd8+ Bxd8 34. Qd3 Qh1+ 35. Bf1 Bh4+ 36. Kd1 Rf2 37. Nd2 Bg5 38. f4 Bxf4 39. Qh3 Rxd2+ 40. Ke1 Qxe4+ 0-1

[Event "RUS-ch 60th zt"]
[Site "Rostov on Don"]
[Date "2007.03.??"]
[Round "8"]
[White "Demchenko, Anton"]
[Black "Gusarchuk, Alexey"]
[Result "0-1"]
[WhiteElo "2427"]
[BlackElo "2343"]
[PlyCount "71"]
[EventDate "2007.03.16"]
[EventType "swiss"]
[EventRounds "9"]
[EventCountry "RUS"]
[SourceTitle "EXT 2022"]
[Source "ChessBase"]
[SourceDate "2021.10.06"]
[SourceVersion "1"]
[SourceVersionDate "2021.10.06"]
[SourceQuality "1"]

1. d4 Nf6 2. Bg5 Ne4 3. Bf4 c5 4. d5 e6 5. c4 Qf6 6. Qc1 g5 7. Nc3 Nxf2 8. Bxg5 Qf5 9. g4 Nxg4 10. Nf3 Rg8 11. Bh3 d6 12. Qd2 e5 13. 0-0-0 h5 14. Rdf1 f6 15. Nb5 Na6 16. Be3 Qh7 17. Bxg4 hxg4 18. Ne1 f5 19. Nd3 Nc7 20. Nxd6+ Bxd6 21. Bxc5 Qe7 22. Bxd6 Qxd6 23. Qc3 e4 24. Ne5 Rg5 25. e3 b6 26. b4 a5 27. Nc6 Rg8 28. bxa5 b5 29. Ne5 bxc4 30. Qd4 Rxa5 31. Kb1 Ne6 32. Qb2 Ng5 33. Nc6 Rc5 34. Rc1 Bd7 35. Nd4 Rc8 36. Rhd1 0-1